Návrh a realizácia informačného systému na podporu manažovania ľudských zdrojov

Saved in:
Bibliographic Details
Main Author: Lutzbauerová, Tereza (Author)
Other Authors: Juhás, Martin (Thesis advisor)
Format: Manuscript Book
Language:Slovak
Published: 2025
Subjects:
Online Access:http://is.stuba.sk/zp/portal_zp.pl?podrobnosti=176720
Tags: Add Tag
No Tags, Be the first to tag this record!

MARC

LEADER 00000ntm a22000003a 4500
001 stuzp103666
003 SK-STU
005 20250628210722.5
007 ta
008 150427s2015----xo-----f-mn---000-0-slo-d
040 |a STU  |b slo 
041 0 |a slo 
100 1 |a Lutzbauerová, Tereza  |u 066000  |4 aut  |U MTF Materiálovotechnologická fakulta  |T MTF Ústav aplikovanej informatiky, automatizácie a mechatroniky  |X 116709  |U M6000  |Y 86  |7 116709 
242 0 1 |a Design and implementation of an information system for human resource management support  |y eng 
245 1 0 |a Návrh a realizácia informačného systému na podporu manažovania ľudských zdrojov 
260 |c 2025 
650 4 |a informačný systém  |2 slo 
650 4 |a SQL  |2 slo 
650 4 |a riadenie  |2 slo 
650 4 |a PHP  |2 slo 
650 4 |a UML  |2 slo 
650 4 |a information system  |2 eng 
650 4 |a management  |2 eng 
650 4 |a PHP  |2 eng 
650 4 |a SQL  |2 eng 
650 4 |a UML  |2 eng 
700 1 |a Juhás, Martin  |u 066000  |k Z1  |4 ths  |U MTF Materiálovotechnologická fakulta  |T MTF Ústav aplikovanej informatiky, automatizácie a mechatroniky  |X 2855  |U M6000  |Y 86  |7 A000002855 
856 4 |u http://is.stuba.sk/zp/portal_zp.pl?podrobnosti=176720 
996 |c M* BP-9972  |l MMSKP  |s P  |a 0  |w stuzp103666_0001